000 00938nam a22002897a 4500
001 BR0602421
003 BR-BrBNA
005 20230928102144.0
007 ta
008 230509b bl.||||| |||| 00| 0 por d
040 _aBR-BrBNA
_bpor
_cBiblioteca Nacional de Agricultura
041 _a(Por)
072 _aL70
_b5400
090 _ 5400 BR0602421
100 1 _aBrendolan, A.P.
110 1 _aUniversidade Federal de Minas Gerais, Belo Horizonte (Brasil). Escola de Veterinária
_0Tese (Doutor em Ciência Animal)
245 1 _aPericárdio bovino como substituto do ligamento cruzado cranial de cães: estudo experimental
260 3 _aBelo Horizonte, MG (Brasil):
_c2004.
300 _a88 p.
500 _aSummaries (Eng, Por); Bibliography p. 83-88; 10 tables; 20 illus.
650 _aCÃO
650 _aCIRURGIA
650 _aLIGAMENTO
650 _aARTICULAÇÃO
909 _a202309
_bLucia
_c55
_dLucia Elande
942 _cBK
999 _c69410
_d69410